Aspectos de la educación superior y el empleo de profesionistas en México (1959-1967).

Guardado en:
Detalles Bibliográficos
Autor principal: Lajous Vargas, Adrián (autor)
Formato: Libro
Idioma:Español
Temas:
Etiquetas: Agrega una etiqueta
Sin etiquetas, Sé el primero en etiquetar este registro!

MARC

LEADER 00000cam^a2200000uu^4500
001 000490660
005 20250521000000.0
008 050901s1968^^^^^^^^^^^^rd^r^^000^0^spa^d
009 20260526150737.348
035 |a FCE 000033876 
035 |a FCE 001921 
037 |a Acervo ITESO - Biblioteca 
041 |a spa 
082 0 4 |a 379.504  |b L123a 
100 |a Lajous Vargas, Adrián  |e (autor) 
245 1 0 |a Aspectos de la educación superior y el empleo de profesionistas en México (1959-1967). 
264 |a México :  |b El Colegio de México,  |c 1968. 
336 |a texto  |b txt  |2 rdacontenido 
337 |a sin mediación  |b n  |2 rdamedio 
338 |a volumen  |b nc  |2 rdasoporte 
649 |a XX 
650 |a Educación superior 
650 |a Recursos humanos 
650 |a Empleo 
650 |a Mercado de trabajo 
650 |a Enseñanza profesional 
650 |a Egresado escolar 
910 |a Fondo Centro de Estudios Educativos 
920 |a Impresos - Libros 
930 |a Fondos Especiales 
905 |a 133 
901 |a ALE001921  |b IT2  |c CEE  |u 20250521 
902 |a https://opac.biblio.iteso.mx/vufind/Record/000490660